| 000 | 01408nam a2200205Ia 4500 | ||
|---|---|---|---|
| 001 | 11494 | ||
| 003 | GE_BSU | ||
| 008 | 181216s||||||||xx |||||||||||||| ||und|| | ||
| 040 | _cGE_BSU | ||
| 100 | _aჭანიშვილი,შ; ქეშელაშვილი,გ; ბუჯიაშვილი,ა; გელიაშვილი,პ. | ||
| 245 | _aზოგადი მიწათმოქმედება | ||
| 245 | _bსახელმძღვ.სას.–სამ.ინ–ტის აგრონომიული,მებაღეობა–მევენახეობის,მეაბრეშუმეობისა და ეკონომიკა–ორგანიზაციის ფაკულტეტებისათვის. | ||
| 245 | _cრედ:ტ.ზოზრაშვილი. | ||
| 260 | _aთბილისი | ||
| 260 | _bგანათლება | ||
| 260 | _c1975 | ||
| 300 | _a396გვ;22სმ. | ||
| 653 | _aზოგადი მიწათმოქმედება.სახელმძღვ.სას.–სამ.ინ–ტის აგრონომიული,მებაღეობა–მევენახეობის,მეაბრეშუმეობისა და ეკონომიკა–ორგანიზაციის ფაკულტეტებისათვის. | ||
| 942 | _cBK | ||
| 999 |
_c44690 _d44690 |
||